<?xml version="1.0" encoding="UTF-8"?>
<record
    xmlns:xsi="http://www.w3.org/2001/XMLSchema-instance"
    xsi:schemaLocation="http://www.loc.gov/MARC21/slim http://www.loc.gov/standards/marcxml/schema/MARC21slim.xsd"
    xmlns="http://www.loc.gov/MARC21/slim">

  <leader>02948nam a22004937a 4500</leader>
  <controlfield tag="005">20260417155915.0</controlfield>
  <controlfield tag="008">180221b        xxu||||| |||| 00| 0 eng d</controlfield>
  <datafield tag="040" ind1=" " ind2=" ">
    <subfield code="c">PK-LaUMT</subfield>
  </datafield>
  <datafield tag="082" ind1=" " ind2=" ">
    <subfield code="a">ZIAC 297.05</subfield>
    <subfield code="b">IJT-</subfield>
  </datafield>
  <datafield tag="110" ind1=" " ind2=" ">
    <subfield code="a">Organization Department</subfield>
    <subfield code="9">11072</subfield>
  </datafield>
  <datafield tag="245" ind1="1" ind2="0">
    <subfield code="a">&#x627;&#x62C;&#x62A;&#x645;&#x627;&#x639; &#x633;&#x6D2; &#x627;&#x62C;&#x62A;&#x645;&#x627;&#x639; &#x62A;&#x6A9; :</subfield>
    <subfield code="b">1974 &#x62A;&#x627; 1983 &#x62A;&#x6A9; /</subfield>
    <subfield code="c">&#x634;&#x639;&#x628;&#x6C1; &#x62A;&#x646;&#x638;&#x6CC;&#x645;</subfield>
  </datafield>
  <datafield tag="246" ind1=" " ind2=" ">
    <subfield code="a">Ijtema se ijtema tak / Organization Department</subfield>
  </datafield>
  <datafield tag="246" ind1=" " ind2=" ">
    <subfield code="a">&#x62A;&#x62D;&#x631;&#x6CC;&#x6A9;&#x650; &#x67E;&#x627;&#x6A9;&#x633;&#x62A;&#x627;&#x646; &#x627;&#x648;&#x631; &#x62A;&#x62D;&#x631;&#x6CC;&#x6A9;&#x650; &#x627;&#x633;&#x644;&#x627;&#x645;&#x6CC; / &#x67E;&#x631;&#x648;&#x641;&#x6CC;&#x633;&#x631; &#x62E;&#x648;&#x631;&#x634;&#x6CC;&#x62F; &#x627;&#x62D;&#x645;&#x62F;</subfield>
  </datafield>
  <datafield tag="246" ind1=" " ind2=" ">
    <subfield code="a">Tehreek-e-Pakistan aur tehreek-e-Islami / Professor Khurshid Ahmad</subfield>
  </datafield>
  <datafield tag="246" ind1=" " ind2=" ">
    <subfield code="a">&#x642;&#x644;&#x639;&#x6C1; &#x644;&#x627;&#x6C1;&#x648;&#x631; &#x6A9;&#x6CC; &#x627;&#x6CC;&#x6A9; &#x62C;&#x6BE;&#x644;&#x6A9; / &#x645;&#x62D;&#x645;&#x62F; &#x628;&#x634;&#x6CC;&#x631; &#x627;&#x62D;&#x645;&#x62F; &#x627;&#x6CC;&#x646;&#x688; &#x645;&#x62D;&#x645;&#x62F; &#x631;&#x641;&#x6CC;&#x642; &#x627;&#x62D;&#x645;&#x62F;</subfield>
  </datafield>
  <datafield tag="246" ind1=" " ind2=" ">
    <subfield code="a">Qila Lahore ki aik jhalak / Muhammad Bashir Ahmad and Muhammad Rafiq Ahmad</subfield>
  </datafield>
  <datafield tag="246" ind1=" " ind2=" ">
    <subfield code="a">&#x627;&#x6CC;&#x645;&#x627;&#x646; &#x67E;&#x631;&#x648;&#x631; &#x6CC;&#x627;&#x62F;&#x6CC;&#x6BA; / &#x62A;&#x631;&#x62A;&#x6CC;&#x628;&#x60C; &#x627;&#x644;&#x644;&#x6C1; &#x648;&#x633;&#x627;&#x6CC;&#x627;</subfield>
  </datafield>
  <datafield tag="246" ind1=" " ind2=" ">
    <subfield code="a">Eman parwar yadain / edited by Allah Wasaya</subfield>
  </datafield>
  <datafield tag="246" ind1=" " ind2=" ">
    <subfield code="a">&#x628;&#x62F;&#x644;&#x62A;&#x6D2; &#x631;&#x62C;&#x62D;&#x627;&#x646;&#x627;&#x62A; &#x627;&#x648;&#x631; &#x6C1;&#x645;&#x627;&#x631;&#x6CC; &#x62A;&#x631;&#x62C;&#x6CC;&#x62D;&#x627;&#x62A; / &#x645;&#x62D;&#x645;&#x62F; &#x646;&#x648;&#x6CC;&#x62F; &#x627;&#x646;&#x648;&#x631;</subfield>
  </datafield>
  <datafield tag="246" ind1=" " ind2=" ">
    <subfield code="a">Badalty rujhanat aur hamari tarjeehat / Muhammad Naweed Anwar</subfield>
  </datafield>
  <datafield tag="246" ind1=" " ind2=" ">
    <subfield code="a">&#x62A;&#x639;&#x644;&#x6CC;&#x645;&#x6CC; &#x627;&#x646;&#x62D;&#x637;&#x627;&#x637; &#x6A9;&#x6D2; &#x627;&#x633;&#x628;&#x627;&#x628; / &#x67E;&#x631;&#x648;&#x641;&#x6CC;&#x633;&#x631; &#x633;&#x6CC;&#x62F; &#x645;&#x62D;&#x645;&#x62F; &#x633;&#x644;&#x6CC;&#x645;</subfield>
  </datafield>
  <datafield tag="246" ind1=" " ind2=" ">
    <subfield code="a">Taleemi inhatat ke asbab / Prof. Muhammad Saleem</subfield>
  </datafield>
  <datafield tag="246" ind1=" " ind2=" ">
    <subfield code="a">&#x639;&#x644;&#x648;&#x645;&#x650; &#x62C;&#x62F;&#x6CC;&#x62F; &#x6A9;&#x6CC; &#x627;&#x633;&#x644;&#x627;&#x645;&#x6CC; &#x62A;&#x634;&#x6A9;&#x6CC;&#x644; / &#x688;&#x627;&#x6A9;&#x679;&#x631; &#x627;&#x633;&#x645;&#x639;&#x6CC;&#x644; &#x631;&#x627;&#x62C;&#x6CC; &#x641;&#x627;&#x631;&#x648;&#x642;&#x6CC;</subfield>
  </datafield>
  <datafield tag="246" ind1=" " ind2=" ">
    <subfield code="a">Uloom-e-jadeed ki Islami tashkeel / Dr. Ismail Raji Farooqi</subfield>
  </datafield>
  <datafield tag="246" ind1=" " ind2=" ">
    <subfield code="a">&#x627;&#x6CC;&#x679;&#x645;&#x6CC; &#x635;&#x644;&#x627;&#x62D;&#x6CC;&#x62A; &#x627;&#x648;&#x631; &#x642;&#x631;&#x636;&#x648;&#x6BA; &#x6A9;&#x627; &#x634;&#x6A9;&#x646;&#x62C;&#x6C1; / &#x67E;&#x631;&#x648;&#x641;&#x6CC;&#x633;&#x631; &#x62E;&#x648;&#x631;&#x634;&#x6CC;&#x62F; &#x627;&#x62D;&#x645;&#x62F;</subfield>
  </datafield>
  <datafield tag="246" ind1=" " ind2=" ">
    <subfield code="a">Aitmi salahiyat aur qarzon ka shikanja / Professor Khurshid Ahmad</subfield>
  </datafield>
  <datafield tag="246" ind1=" " ind2=" ">
    <subfield code="a">&#x631;&#x633;&#x648;&#x644; &#x627;&#x644;&#x644;&#x6C1; &#x6A9;&#x627; &#x645;&#x639;&#x6CC;&#x627;&#x631;&#x650; &#x632;&#x646;&#x62F;&#x6AF;&#x6CC; / &#x633;&#x6CC;&#x62F; &#x627;&#x633;&#x639;&#x62F; &#x6AF;&#x6CC;&#x644;&#x627;&#x646;&#x6CC;</subfield>
  </datafield>
  <datafield tag="246" ind1=" " ind2=" ">
    <subfield code="a">Rasool Allah ka mayar-e-zindagi / Syed Asad Gilani</subfield>
  </datafield>
  <datafield tag="246" ind1=" " ind2=" ">
    <subfield code="a">&#x62D;&#x628;&#x650; &#x631;&#x633;&#x648;&#x644; &#x627;&#x648;&#x631; &#x627;&#x633; &#x6A9;&#x6D2; &#x62A;&#x642;&#x627;&#x636;&#x6D2; / &#x688;&#x627;&#x6A9;&#x679;&#x631; &#x627;&#x646;&#x6CC;&#x633; &#x627;&#x62D;&#x645;&#x62F;</subfield>
  </datafield>
  <datafield tag="246" ind1=" " ind2=" ">
    <subfield code="a">Hub-e-Rasool aur us ke taqazy / Dr. Anees Ahmad</subfield>
  </datafield>
  <datafield tag="246" ind1=" " ind2=" ">
    <subfield code="a">&#x648;&#x627;&#x644;&#x62F;&#x6CC;&#x646;&#x650; &#x645;&#x635;&#x637;&#x641;&#x6D2;&#x670; : &#x62D;&#x627;&#x644;&#x627;&#x62A; &#x648; &#x627;&#x6CC;&#x645;&#x627;&#x646; / &#x645;&#x62D;&#x645;&#x62F; &#x6CC;&#x670;&#x633;&#x6CC;&#x646; &#x642;&#x635;&#x648;&#x631;&#x6CC; &#x646;&#x642;&#x634;&#x628;&#x646;&#x62F;&#x6CC;</subfield>
  </datafield>
  <datafield tag="246" ind1=" " ind2=" ">
    <subfield code="a">Waldain-e-Mustafa : halat o eman / Muhammad Yaseen Kasuri Naqshbandi</subfield>
  </datafield>
  <datafield tag="246" ind1=" " ind2=" ">
    <subfield code="a">&#x634;&#x6C1;&#x627;&#x62F;&#x62A; &#x627;&#x645;&#x627;&#x645; &#x62D;&#x633;&#x6CC;&#x646; &#x6A9;&#x627; &#x62D;&#x642;&#x6CC;&#x642;&#x6CC; &#x67E;&#x6CC;&#x63A;&#x627;&#x645; / &#x62D;&#x627;&#x641;&#x638; &#x645;&#x62D;&#x645;&#x62F; &#x627;&#x62F;&#x631;&#x6CC;&#x633;</subfield>
  </datafield>
  <datafield tag="246" ind1=" " ind2=" ">
    <subfield code="a">Shahadat Imam Hussain ka haqiqi paigham</subfield>
  </datafield>
  <datafield tag="246" ind1=" " ind2=" ">
    <subfield code="a">&#x639;&#x634;&#x642;&#x650; &#x62E;&#x627;&#x62A;&#x645; &#x627;&#x644;&#x646;&#x628;&#x6CC;&#x6CC;&#x646;</subfield>
  </datafield>
  <datafield tag="246" ind1=" " ind2=" ">
    <subfield code="a">Ishq-e-Khatam Ul Nabeen</subfield>
  </datafield>
  <datafield tag="246" ind1=" " ind2=" ">
    <subfield code="a">&#x62E;&#x637;&#x6D2; &#x645;&#x6CC;&#x6BA; &#x627;&#x645;&#x631;&#x6CC;&#x6A9;&#x6CC; &#x639;&#x632;&#x627;&#x626;&#x645; &#x627;&#x648;&#x631; &#x6C1;&#x645;&#x627;&#x631;&#x6CC; &#x630;&#x645;&#x6C1; &#x62F;&#x627;&#x631;&#x6CC;&#x627;&#x6BA; / &#x67E;&#x631;&#x648;&#x641;&#x6CC;&#x633;&#x631; &#x631;&#x627;&#x634;&#x62F; &#x633;&#x639;&#x6CC;&#x62F;</subfield>
  </datafield>
  <datafield tag="246" ind1=" " ind2=" ">
    <subfield code="a">Khittay main Amrici azaym aur hamari zimma dariyan / Prof. Rashid Saeed</subfield>
  </datafield>
  <datafield tag="246" ind1=" " ind2=" ">
    <subfield code="a">&#x635;&#x644;&#x648; &#x639;&#x644;&#x6CC;&#x6C1; &#x648; &#x627;&#x644;&#x6C1; / &#x645;&#x62D;&#x645;&#x62F; &#x631;&#x645;&#x636;&#x627;&#x646; &#x646;&#x642;&#x634;&#x628;&#x646;&#x62F;&#x6CC;</subfield>
  </datafield>
  <datafield tag="246" ind1=" " ind2=" ">
    <subfield code="a">Sallu Aleh Wa Alihi / Muhammad Ramzan Naqshbandi</subfield>
  </datafield>
  <datafield tag="260" ind1=" " ind2=" ">
    <subfield code="a">Lahore :</subfield>
    <subfield code="b">Jamat-e-Islami,</subfield>
    <subfield code="c">1974</subfield>
  </datafield>
  <datafield tag="300" ind1=" " ind2=" ">
    <subfield code="a">This volume consists of 15 books bound in one.</subfield>
  </datafield>
  <datafield tag="942" ind1=" " ind2=" ">
    <subfield code="c">BK</subfield>
  </datafield>
  <datafield tag="999" ind1=" " ind2=" ">
    <subfield code="c">103603</subfield>
    <subfield code="d">103603</subfield>
  </datafield>
  <datafield tag="952" ind1=" " ind2=" ">
    <subfield code="0">0</subfield>
    <subfield code="1">0</subfield>
    <subfield code="4">0</subfield>
    <subfield code="7">0</subfield>
    <subfield code="a">01</subfield>
    <subfield code="b">01</subfield>
    <subfield code="d">2018-02-21</subfield>
    <subfield code="l">0</subfield>
    <subfield code="o">ZIAC 297.05 IJT-</subfield>
    <subfield code="p">119966</subfield>
    <subfield code="r">2018-02-21 00:00:00</subfield>
    <subfield code="w">2018-02-21</subfield>
    <subfield code="y">BK</subfield>
  </datafield>
</record>
